000 00288nam a2200109Ia 4500
008 200302s9999 xx 000 0 und d
100 _aMasaru Kawatoko
245 _aSpa-De : Vol 1 - Feature Article - Cyber Deco
260 _bImages Publishing, Austraila
260 _c2004
300 _a167 P
999 _c4852
_d4852